|
|
|
|
| LEADER |
01425nam a2200289 a 4500 |
| 001 |
3943445 |
| 008 |
090822s1994 enka 000 0 eng d |
| 010 |
|
|
|a 93034970
|
| 020 |
|
|
|a 0521426766 (pbk.)
|
| 020 |
|
|
|a 0521586518
|
| 040 |
|
|
|a DLC
|c DLC
|d DLC
|
| 082 |
0 |
0 |
|a 428/.007
|2 20
|
| 100 |
1 |
|
|a Spratt, Mary.
|
| 245 |
1 |
0 |
|a English for the teacher :
|b a language development course /
|c Mary Spratt.
|
| 260 |
|
|
|a Cambridge ;
|a New York :
|b Cambridge University Press,
|c 1994
|
| 300 |
|
|
|a xi, 158 p. :
|b ill. ;
|c 25 cm.
|
| 490 |
0 |
|
|a Cambridge teacher training and development
|
| 541 |
1 |
|
|e 00012161
|
| 650 |
|
0 |
|a English language
|x Study and teaching
|x Foreign speakers.
|
| 650 |
|
0 |
|a English language
|x Textbooks for foreign speakers.
|
| 650 |
|
0 |
|a English teachers
|x Training of.
|
| 650 |
|
0 |
|a Teachers, Foreign.
|
| 852 |
4 |
|
|a Ayesha Abed Library
|j General shelf
|
| 999 |
|
|
|c 8409
|d 8409
|
| 952 |
|
|
|0 0
|1 0
|2 ddc
|4 0
|6 428_007000000000000_SPR
|7 0
|9 9824
|a BRACUL
|b BRACUL
|c GEN
|d 2010-05-06
|l 4
|m 9
|o 428.007 SPR
|p 3010012161
|r 2014-12-23
|s 2014-10-29
|t 1
|w 2010-05-06
|y BK
|x Price not available in Register
|
| 952 |
|
|
|0 0
|1 0
|2 ddc
|4 0
|6 428_007000000000000_SPR_1994
|7 0
|9 9875
|a BRACUL
|b BRACUL
|c GEN
|d 2010-05-06
|l 2
|m 35
|o 428.007 SPR
|p 3010009021
|r 2016-05-16
|s 2016-04-11
|t 2
|w 2010-05-06
|y BK
|
| 952 |
|
|
|0 0
|1 0
|2 ddc
|4 0
|6 428_007000000000000_SPR_1994
|7 0
|9 17899
|a BRACUL
|b BRACUL
|c GEN
|d 2011-08-23
|l 2
|m 1
|o 428.007 SPR
|p 3010009022
|r 2022-06-16
|s 2022-06-09
|t 3
|w 2011-08-23
|y BK
|